000
00304nam a22001337a 4500
008
171027b xxu||||| |||| 00| 0 eng d
020
_a
0444015981
041
_a
eng
080
_2
2ND
_a
336
100
_a
56
101
_a
FIN
245
_a
INTERNATIONAL FINANCIAL MARKETS
_c
GRABBE,J,O
942
_2
udc
_c
BK
999
_c
36230
_d
36230